[Event "Cerdanyola del Valles op 28th"]
[Site "Cerdanyola del Valles"]
[Date "2010.11.06"]
[Round "6"]
[White "Martin Perez, Laura"]
[Black "Vives Jaume, Oriol"]
[Result "0-1"]
[WhiteElo "1781"]
[BlackElo "1867"]
[PlyCount "60"]
[EventDate "2010.10.02"]
[EventType "swiss"]
[EventRounds "7"]
[EventCountry "ESP"]
[SourceTitle "EXT 2012"]
[Source "ChessBase"]
[SourceDate "2011.11.24"]
[SourceVersion "1"]
[SourceVersionDate "2011.11.24"]
[SourceQuality "1"]

1. e4 c5 2. Nf3 d6 3. d4 cxd4 4. Nxd4 Nf6 5. Nc3 a6 6. f3 e6 7. Be3 Be7 8. Qd2 b5 9. g4 h6 10. 0-0-0 Bb7 11. Kb1 Nbd7 12. Qf2 Rc8 13. Nb3 Qc7 14. Bxb5 axb5 15. Nxb5 Qb8 16. Ba7 Qa8 17. Bb6 Nxe4 18. fxe4 Nxb6 19. Qxb6 Bxe4 20. Nc7+ Rxc7 21. Qxc7 Bxh1 22. Rd4 Qb7 23. Qxb7 Bxb7 24. Rb4 Bc8 25. Nd4 Kd7 26. a4 d5 27. Rb3 Ba6 28. Nb5 Rb8 29. Rf3 Bxb5 30. axb5 f6 0-1

[Event "Cerdanyola del Valles op 28th"]
[Site "Cerdanyola del Valles"]
[Date "2010.10.09"]
[Round "2"]
[White "Castellet Menchon, Cora"]
[Black "Vives Jaume, Oriol"]
[Result "0-1"]
[WhiteElo "1703"]
[BlackElo "1867"]
[PlyCount "74"]
[EventDate "2010.10.02"]
[EventType "swiss"]
[EventRounds "7"]
[EventCountry "ESP"]
[SourceTitle "EXT 2012"]
[Source "ChessBase"]
[SourceDate "2011.11.24"]
[SourceVersion "1"]
[SourceVersionDate "2011.11.24"]
[SourceQuality "1"]

1. e4 Nf6 2. e5 Nd5 3. c4 Nb6 4. d4 d6 5. exd6 exd6 6. Nc3 Nc6 7. Nf3 Bg4 8. Be3 Be7 9. a3 0-0 10. Bd3 Bf6 11. Qc2 g6 12. d5 Bxf3 13. dxc6 Bxc6 14. 0-0-0 Nd7 15. f4 Re8 16. Bf2 Bxg2 17. Rhg1 Bf3 18. Rdf1 Bg7 19. h4 Bh5 20. Bg3 Nc5 21. f5 Re3 22. Be4 Bxc3 23. bxc3 Nxe4 24. Be1 Qe8 25. Rg2 Qe5 26. Kb2 b5 27. Bd2 Nxd2 28. Qxd2 bxc4 29. Rc1 Rb8+ 30. Ka2 Re2 31. Rxe2 Qxe2 32. Qxe2 Bxe2 33. Rg1 Kf8 34. fxg6 hxg6 35. Rg5 c5 36. Rd5 Ke7 37. Rd2 Bd3 0-1